Statistics for Arsenal Squad 2014/15

Click here to take the quiz!

General Stats

  • This quiz has been taken 2,036 times
    (1,989 since last reset)
  • The average score is 17 of 27

Answer Stats

Hint Answer % Correct
ForwardOlivier Giroud
90%
MidfielderMesut Ozil
86%
ForwardAlexis Sanchez
85%
ForwardTheo Walcott
84%
GoalkeeperDavid Ospina
83%
DefenderPer Mertesacker
82%
MidfielderAaron Ramsey
82%
DefenderKieran Gibbs
79%
DefenderLaurent Koscielny
78%
MidfielderSanti Cazorla
75%
DefenderNacho Monreal
75%
MidfielderJack Wilshere
73%
DefenderMathieu Debuchy
67%
ForwardDanny Welbeck
66%
MidfielderMikel Arteta
61%
DefenderCalum Chambers
60%
ForwardAlex Oxlade-Chamberlain
60%
MidfielderMathieu Flamini
54%
GoalkeeperWojciech Szczesny
51%
MidfielderFrancis Coquelin
49%
MidfielderTomas Rosicky
43%
ForwardLukas Podolski
41%
ForwardYaya Sanogo
40%
MidfielderAbou Diaby
32%
ForwardJoel Campbell
31%
ForwardSerge Gnabry
22%
MidfielderGedion Zelalem
13%

Score Distribution

Percentile by Number Answered

Percent of People with Each Score

Your Score History

You have not taken this quiz since the last reset